000
00293nam a2200109Ia 4500
008
200302s9999 xx 000 0 und d
100
_a
National Centre For Construction Education And Research
245
_a
Sprinkler Fitter
260
_b
Prentice Hall Inc.
260
_c
1995
300
_a
107.84 P
999
_c
4860
_d
4860